Регионална библиотека "Любен Каравелов" - Русе

Септемврийска литература (Запис номер 173088)

MARC детайли
000 -Лидер
Контролно поле с фиксирана дължина 01996nam a2200361 a 4500
003 - Код на организацията, давaща контролен номер
Контролно поле BLK
005 - Дата и час на последна редакция
Контролно поле 20241009005440.0
008 - Елементи от данни с фиксирана дължина
fixed length control field 180411b bul|||||r ||||||| ||bul||
010 ## - Наследен системен номер
LC control number KNG00181468000
040 ## - Източник на каталожния запис
Идентификатор на билиотеката - собственик на записа BLK
041 ## - Код за език
Код за езика на текст/звукозапис или на отделно заглавие Български
Код за езика КДБФ Български
080 ## - УДК
Текстов определител УДК Българска литература
УДК код - определител по УДК 821.163.2
УДК определител -8
УДК - код + определител 821.163.2-8
100 1# - Редна дума - Автор
Автор Разцветников, Асен
Дати, свързани с автора 1897 - 1951
Пълна форма на името Коларов, Асен Петков
Авторска отговорност първи автор
Автор - информация (биография) Коларов, Асен Петков
R(LIN) 114515
139 ## - Редно поле
Редна дума Септемврийска литература
Авторски знак Сен - С 33
245 10 - Сведения за заглавието
Заглавие Септемврийска литература
Подзаглавни данни Сб.
Редно поле (дума) Асен Разцветников; предг. от Тончо Жечев.
250 ## - Област на изданието
Сведения за изданието 8. изд.
257 ## - Страна на издаване
Страна на създаване/издаване България
260 ## - Област на издателските данни
Име на издателя, разпространителя и проч. Бълг. писател
Година на издаване 1973
Място на издаване, разпространение и проч. София
300 ## - Физическа характеристика
Страници 192 с.
Размери/Мащаб 20 см
380 ## - Жанр
Жанр Худож. лит.
490 ## - СЕРИИ (Колекции)
Име на серия Библиотека за ученика
9 (RLIN) 201322
500 ## - Общи забележки
Забележка Други авт.: А. Каралийчев, Н. Фурнаджиев, Н. Хрелков, Ламар, А. Страшимиров, Г. Караславов, Хр. Радевски, О. Василев, Н. Ланков, Кр. Кюлявков, Л. Стоянов, М. Исаев, Кр. Велков, М. Грубешлиева ; Авт. отбелязани на кор. - 1. изд. 1966. - 30 100 тир. Художествени произведения за Септемврийското въстание 1923 г.
650 #4 - Допълнително описание по предмет – тема
Основно описание – тема или топоним Септемврийско въстание 1923 - в художествената литература
9 (RLIN) 274924
653 ## - Ключова дума – ненормативна
Ключова дума Септемврийско въстание 1923
700 ## - Други автори (авторска отговорност)
Лично име Жечев, Тончо
Друга информация Тонев, Тончо Жечев
Автороска отговорност (Описва отношението между автора и произведението) предг. от
9 (RLIN) 249780
852 ## - Местоположение
Форматна сигнатура Цб 66262
Фондова буква Хранилище
856 4# - Електронен адрес и достъп
Електронен формат pdf - файл
856 4# - Електронен адрес и достъп
Електронен формат pdf - файл
999 ## - СИСТЕМНИ КОНТРОЛНИ НОМЕРА
Koha biblionumber 173088
Koha biblioitemnumber 173088
942 ## - АРТИКУЛИ
Вид на библиотечния материал Книги
Скрит в OPAC Не
Периодичен библиозапис Да
944 ## - СЪЗДАВАНЕ И РЕДАКЦИЯ на ЗАПИСА
Създаване/Редакция Създаване
Дата на регистрацията/редакция 10.09.2015
Статус, дата на статуса CRON CRON
Служител, извършил регистрацията/редакцията
944 ## - СЪЗДАВАНЕ И РЕДАКЦИЯ на ЗАПИСА
Създаване/Редакция Редакция
Дата на регистрацията/редакция 10.09.2015
Статус, дата на статуса ф /
Служител, извършил регистрацията/редакцията Людмила_Стоянова
999 ## - СИСТЕМНИ КОНТРОЛНИ НОМЕРА
Koha biblioitemnumber 173088
Наличности
Код за отписване Код за изгубен артикул Източник на класификационната схема Код за повреда Коз за рестрикции Код за отдаване Артикулен № Име на библиотеката - собственик Име на библиотеката, в която се намира в момента Статус (Текущо местоположение) Дата на вписване в системата Местоположение - отдел Цена в лева Инвентарен номер Систематично азбучна сигнатура Баркод Номер на екземпляра Цена в евро Служебна бележка Служебен тип на артикула
  Не е изгубен Universal Decimal Classification Не е повреден само за читалня ползва се в читалня 295547 Регионална библиотека "Любен Каравелов" Русе Регионална библиотека "Любен Каравелов" Русе Хранилище 1973-01-01 Хранилище 0.33 133225 Цб 66262 120000133225 1 0.17 Дост: Dp Вид: Д N: стар фонд Дата: 01.01.1973 Книги
Изтеглен Не е изгубен Universal Decimal Classification Не е повреден без рестрикции заемане за дома 295548 Регионална библиотека "Любен Каравелов" Русе Регионална библиотека "Любен Каравелов" Русе Заемна - подръчен фонд 1973-01-01 Заемна - подръчен фонд 0.33 132541 П 886.7-8/С 33 132541 2 0.17 Дост: Pk Вид: Ф N: стар фонд Дата: 01.01.1973 Книги
Vip Innovations Ltd, Rousse, Bulgaria 2025